Doctoris Dominici Antunez Portugal, I. C. penamacorensis quondam portuensis senatus, postea supremi domus supplicationis senatoris, & appellationum, gravaminumque expeditoris, nunc potentissimi principis Petri in consilio ultramarino consiliarij, sacrae militiae D. N. Iesu Christi equitis,Tractatus de donationibus jurium et bonorum regiae corona

Detalles Bibliográficos
Autor principal: Antúnez Portugal, Domingo
Formato: Libro
Lenguaje:Undetermined
Latin
Publicado: Ulyssipone : ex typographia Joannis a Costa, 1673-1675.
Materias:
Colección:Banco de datos
Acervo:Biblioteca Palafoxiana. Colección bibliográfica
Descripción Física:3 t. ; f°
Tema general:Derecho civil
Notas:Marca de fuego: Colegio de San Juan. Número de localización: t.1 (18019) ; t.2 (18020)
LEADER 00892nam a2200169Ia 4500
008 150723s9999 xx 000 0 und d
041 0 |a lat 
050 0 |a PAFX K623 A5 
100 1 |a Antúnez Portugal, Domingo 
245 1 0 |a Doctoris Dominici Antunez Portugal, I. C. penamacorensis quondam portuensis senatus, postea supremi domus supplicationis senatoris, & appellationum, gravaminumque expeditoris, nunc potentissimi principis Petri in consilio ultramarino consiliarij, sacrae militiae D. N. Iesu Christi equitis,Tractatus de donationibus jurium et bonorum regiae corona 
260 |a Ulyssipone : ex typographia Joannis a Costa, 1673-1675. 
300 |a 3 t. ; f° 
500 |a Marca de fuego: Colegio de San Juan. Número de localización: t.1 (18019) ; t.2 (18020) 
650 1 0 |a Derecho civil 
942 |c PALALIB 
943 |g Biblioteca Palafoxiana. Colección bibliográfica 
999 |c 1047794  |d 1047794